Villes d'Allemagne par indices - Statistiques

Statistiques générales
  • Ce quiz a été pris 47 fois
  • Le résultat moyen est 10 sur 20
Statistiques - réponses
Indice Ville % Correct
Capitale bavaroise Munich
93%
Plus grand port du pays Hambourg
80%
Capitale de Charlemagne Aix-la-Chapelle
75%
Ville réputée pour ses clubs de techno et ses Döners Kebabs Berlin
75%
Le siège de la banque centrale européenne y est situé Francfort-sur-le-Main
75%
Berceau de l'automobile et siège de Mercedes-Benz Stuttgart
73%
Ancienne capitale de l'Allemagne de l'Ouest Bonn
70%
La Florence de l'Est, rasée par le Royaume-Uni en 1945 Dresde
70%
Ancienne cité industrielle au club de football jaune et noir Dortmund
68%
Il fallut plus de 600 ans pour achever sa cathédrale Cologne
64%
Ville du classicisme de Goethe et de Schiller, elle donne son nom à une République Weimar
64%
On dit que quatre animaux voulurent y devenir musiciens Brême
43%
Capitale de la Hanse Lübeck
39%
Barbara chantait la beauté de ses roses Göttingen
34%
Plus vieille université du pays Heidelberg
25%
Certains prétendent que cette ville (n') existe (pas) Bielefeld
20%
Mieux vaut pour cette ville et ses enfants de payer le joueur de flûte Hamelin
18%
Capitale allemande du vélo Münster
2%
Le protestantisme y trouve sa source Wittemberg
2%
Ville temporairement renommée en l'honneur de Taylor Swift pour son concert Gelsenkirchen
0%
Aucun quiz correspondant
Distribution des résultats
% des personnes avec chaque résultat
Percentile par nombre de réponses
Votre historique - résultats
Vous n’avez pas pris ce quiz